000 00310nam a2200133Ia 4500
005 20251222144921.0
008 251222s9999||||xx |||||||||||||| ||spa||
020 _a0-582-31750-9
082 _a428.4/C25
100 _aCandlin, Christopher N.
245 0 _aWriting:
264 _bAddison Wesley
942 _cLIB
999 _c22708
_d22708